000 00814nam a2200253Ia 4500
003 OSt
005 20220928131410.0
006 a|||||r|||| 00| 0
007 ta
008 220927b |||||||| |||| 00| 0 eng d
020 _c2266.0444000000002
024 _a104629
037 _b8916, 06/01/2010, Atlantic Publishers and Distributors
_cTextual
040 _aSDCL
_cSDCL
_beng
041 _2eng
_aeng
082 _aY73(Q7):1k, Q0
100 _aNetton Lan Richard Ed.
_9477939
245 0 _aEncyclopedia of Islamic civilisation and religion.
260 _aLondon
_bRoutledge
_c2010
300 _axxiv,846p.
_ccm.
650 _aReference
942 _hY73(Q7):1k, Q0
_cTEXL
_2CC
999 _c790443
_d790443